Research on mathematics education reported in 1988 (Record no. 76179)
[ view plain ]
| 000 -CABECERA | |
|---|---|
| campo de control de longitud fija | 00705nam a2200241 a 4500 |
| 005 - FECHA Y HORA DE LA ÚLTIMA TRANSACCIÓN | |
| campo de control | 20210219153416.0 |
| 008 - ELEMENTOS DE LONGITUD FIJA--INFORMACIÓN GENERAL | |
| campo de control de longitud fija | 991125n 000 0 u |
| 035 ## - NÚMERO DE CONTROL DEL SISTEMA | |
| Número de control de sistema | UPN01000097484 |
| 100 ## - ASIENTO PRINCIPAL--NOMBRE PERSONAL | |
| Nombre de persona | Suydam, Marilyn N |
| 222 ## - TÍTULO CLAVE | |
| Título clave | JOURNAL FOR RESEARCH IN MATHEMATICS EDUCATION |
| 245 ## - MENCIÓN DE TÍTULO | |
| Título | Research on mathematics education reported in 1988 |
| 300 ## - DESCRIPCIÓN FÍSICA | |
| Extensión | 293-348 |
| 362 ## - FECHAS DE PUBLICACIÓN Y/O DESIGNACIÓN SECUENCIAL | |
| Fecha de publicación y/o designación secuencial | 21, No. 4, 1990 |
| 505 ## - NOTA DE CONTENIDO CON FORMATO PREESTABLECIDO | |
| Nota de contenido con formato | Febrero 1991 |
| 653 0# - TERMINO DE INDIZACION - NO CONTROLADO | |
| Término no controlado | BIBLIOGRAFIA ANOTADA |
| 653 0# - TERMINO DE INDIZACION - NO CONTROLADO | |
| Término no controlado | ESCUELA SECUNDARIA (MATEMATICAS) |
| 653 0# - TERMINO DE INDIZACION - NO CONTROLADO | |
| Término no controlado | MATEMATICA EDUCATIVA |
| 653 0# - TERMINO DE INDIZACION - NO CONTROLADO | |
| Término no controlado | MATEMATICAS DE LA ESCUELA ELEMENTAL |
| 653 0# - TERMINO DE INDIZACION - NO CONTROLADO | |
| Término no controlado | PUBLICACIONES |
| 653 0# - TERMINO DE INDIZACION - NO CONTROLADO | |
| Término no controlado | TESINA DOCTORAL |
| 904 ## - ELEMENTOS DE DATOS D LOCAL, LDD (RLIN) | |
| a | AC |
| b | 035295 |
| 905 ## - TIPO DE MATERIAL | |
| Tipo de material | Articulo |
No items available.
